000 00683nam a2200253Ia 4500
003 OSt
005 20220926024042.0
006 a|||||r|||| 00| 0
007 ta
008 220923b |||||||| |||| 00| 0 eng d
037 _cGeneral Book
040 _aRTL
_cRTL
_beng
041 _2eng
_aeng
082 _aX9(F145.1.N8, N0/UN
110 _aUnited Nations
245 0 _aTerms of reference of the International tin study
260 _aNY
_bUN
_c1990
300 _a13p
_ccm.
650 _a Tin
_9330057
650 _aIndustrial Economics
700 _aUnited Nations
942 _hX9(F145.1.N8, N0/UN
_cGB
_2CC
999 _c643007
_d643007